Espèces de bernaches - Statistiques

Statistiques générales
  • Ce quiz a été pris 3 fois
  • Le résultat moyen est 3 sur 6
Statistiques - réponses
Par images Réponse % Correct
Bernache à cou roux
100%
Bernache cravant
67%
Bernache nonnette
67%
Bernache du Canada
33%
Bernache néné
33%
Bernache de Hutchins
0%
Aucun quiz correspondant
Distribution des résultats
% des personnes avec chaque résultat
Percentile par nombre de réponses
Votre historique - résultats
Vous n’avez pas pris ce quiz